000 01950cam a22002898a 4500
001 4849952
005 20220326193313.0
008 030912s2003 enk 100 0 eng
015 _aGBA3-U5181
020 _a1854891529
020 _a1854891537 (pbk.) :
_c£14.95
035 _a(OCoLC)ocm53068566
035 _a(NNC)4849952
040 _aUKM
_cUKM
_dOCLCQ
_dNNC
082 0 4 _a707
_bP213c
100 _aPapastergiadis, Nikos
_92190
245 0 0 _aComplex entanglements :
_bart, globalisation and cultural difference /
_cedited by Nikos Papastergiadis.
260 _aLondon :
_bRivers Oram,
_c2003.
300 _ax, 244 p. ;
_c24 cm.
505 _tNotes of the contributor
_rForeword by Nicholas Tsoutas
_tSouth-south-south
_rNikos Papastergiadis
_tAlien-Own/ Own Alien Notes on Globalisation and cultural difference
_rGerardo Mosquera
_tCultural Translation in a Globalised World
_rIen Ang
_tDreaming Art
_rMarcia Lantong
_tParallel Universe, Other Worlds
_rHetti Perkins
_tTowards a metaethic of shit
_rJean Fisher
_tJet - Lang Mambo
_rCarlos Capelan
_tPerformance Art in digital age
_rRicardo Dominguez and coco Fusco
_tNew Media, Culture, Identity
_rJhon Conomos
_tCome What May Beyond The Emperor´s New Clothes
_rRasheed Araeen
_tCulture identity and boredom transculturalism its Ecstasy
_rNikos Papastergiadis
_tMulticultural Sites Practices Un/ Homeliness
_rSneja Gunew
_tWhen The people Take to the street Ersatz culture´s contents and discontents
_rPaul Carter
_tThe shrinking society ethics and hope in the era of global capitalism
_rGhassan Hage
_tLooking back and looking forward policies of multiculturalism and the arts im australia
_rFazal Rizvi
650 0 _aMulticulturalism
_vCongresses.
_92191
650 0 _aMulticulturalism in art
_vCongresses.
_92192
650 0 _aArts and society
_vCongresses.
_9605
650 0 _aArts
_xPolitical aspects
_vCongresses.
_92193
700 1 _aPapastergiadis, Nikos,
_d1962-
_9864
999 _c457
_d457